LEADER 00913nam0-22003251i-450- 001 990003854760403321 005 20080115101429.0 010 $a333-19054-8 035 $a000385476 035 $aFED01000385476 035 $a(Aleph)000385476FED01 035 $a000385476 100 $a20030910d--------km-y0itay50------ba 101 0 $aita 102 $aIT 200 1 $aTechnology and Economic Interdependence$fHarry G. Johnson. 210 $aLondon$cMacmillan for the Trade Policy Research Centre$d1975. 215 $axvii, 187 p.$d22 cm 225 1 $aWorld Economic Issues Series 676 $aF/3.3 676 $aG/1.4 676 $aO/1.24 700 1$aJohnson,$bHarry Gordon$0115893 801 0$aIT$bUNINA$gRICA$2UNIMARC 901 $aBK 912 $a990003854760403321 952 $aG/1.4 JOH$b4917$fSES 959 $aSES 996 $aTechnology and Economic Interdependence$9514881 997 $aUNINA LEADER 00984nam0-22002771i-450- 001 990001672550403321 005 20050525150622.0 035 $a000167255 035 $aFED01000167255 035 $a(Aleph)000167255FED01 035 $a000167255 100 $a20030910d1898----km-y0itay50------ba 101 0 $aita 200 1 $aRelazione della Sotto-Commissione incaricata dalla Commissione Censuaria di esaminare le tariffe d'estimo della provincia di Mantova$fMinistero delle Finanze 210 $aRoma$cTip. Elzeviriana$d1898 215 $a252 p.$d30 cm 610 0 $aImposte fondiarie 676 $a336.22 710 02$aItalia.$bMinistero delle finanze$0356818 801 0$aIT$bUNINA$gRICA$2UNIMARC 901 $aBK 912 $a990001672550403321 952 $a60 336.22 A 23$b18240$fFAGBC 959 $aFAGBC 996 $aRelazione della Sotto-Commissione incaricata dalla Commissione Censuaria di esaminare le tariffe d'estimo della provincia di Mantova$9370853 997 $aUNINA LEADER 03089nam 2200565 450 001 9910820407903321 005 20170822144324.0 010 $a1-4704-0388-9 035 $a(CKB)3360000000464974 035 $a(EBL)3114405 035 $a(SSID)ssj0000976625 035 $a(PQKBManifestationID)11623604 035 $a(PQKBTitleCode)TC0000976625 035 $a(PQKBWorkID)11034547 035 $a(PQKB)11059089 035 $a(MiAaPQ)EBC3114405 035 $a(RPAM)13268626 035 $a(PPN)195416767 035 $a(EXLCZ)993360000000464974 100 $a20030710d2003 uy| 0 101 0 $aeng 135 $aur|n|---||||| 181 $ctxt 182 $cc 183 $acr 200 10$aYang-Mills measure on compact surfaces /$fThierry Le?vy 210 1$aProvidence, Rhode Island :$cAmerican Mathematical Society,$d2003. 215 $a1 online resource (144 p.) 225 1 $aMemoirs of the American Mathematical Society,$x0065-9266 ;$vnumber 790 300 $a"Volume 166, number 790 (end of volume)." 311 $a0-8218-3429-0 320 $aIncludes bibliographical references. 327 $a""Contents""; ""Introduction""; ""Chapter 1. Discrete Yang-Mills measure""; ""1.1. Notation""; ""1.2. Discretization of a surface""; ""1.3. Discrete holonomy and gauge transformations""; ""1.4. Discrete Yang-Mills measure""; ""1.5. Conditional Yang-Mills measure""; ""1.6. Invariance under subdivision""; ""1.7. Invariance under area-preserving diffeomorphisms""; ""1.8. Two examples""; ""1.9. Discrete Abelian theory""; ""Chapter 2. Continuous Yang-Mills measure""; ""2.1. Projective systems of probability spaces""; ""2.2. A Riemannian metric""; ""2.3. Piecewise geodesic Yang-Mills measure"" 327 $a""2.4. Lassos and small piecewise geodesic loops""""2.5. The space of paths""; ""2.6. Definition of the random holonomy""; ""2.7. Consistency with the discrete theory""; ""2.8. Binding up the conditional versions""; ""2.9. Surfaces with boundary""; ""2.10. The random holonomy process""; ""Chapter 3. Abelian gauge theory""; ""3.1. The random holonomy as a white noise functional""; ""3.2. Small scale structure of the Yang-Mills field""; ""Chapter 4. Small scale structure in the semi-simple case""; ""4.1. Asymptotic independence: a zero-one law""; ""4.2. Asymptotic independence on the plane"" 327 $a""Chapter 5. Surgery of the Yang-Mills measure""""5.1. Markov property of the Yang-Mills field""; ""5.2. Sewing two surfaces""; ""5.3. Mending a surface""; ""5.4. An area-dependent topological field theory""; ""Bibliography"" 410 0$aMemoirs of the American Mathematical Society ;$vno. 790. 606 $aYang-Mills theory 606 $aQuantum field theory 615 0$aYang-Mills theory. 615 0$aQuantum field theory. 676 $a510 s 676 $a530.14/35 700 $aLe?vy$b Thierry$f1976-$01714365 801 0$bMiAaPQ 801 1$bMiAaPQ 801 2$bMiAaPQ 906 $aBOOK 912 $a9910820407903321 996 $aYang-Mills measure on compact surfaces$94108123 997 $aUNINA